<?xml version="1.0" encoding="UTF-8"?>
<record
    xmlns:xsi="http://www.w3.org/2001/XMLSchema-instance"
    xsi:schemaLocation="http://www.loc.gov/MARC21/slim http://www.loc.gov/standards/marcxml/schema/MARC21slim.xsd"
    xmlns="http://www.loc.gov/MARC21/slim">

  <leader>00739nam a22001577a 4500</leader>
  <controlfield tag="003">OSt</controlfield>
  <controlfield tag="005">20151103104716.0</controlfield>
  <controlfield tag="008">151103b        xxu||||| |||| 00| 0 eng d</controlfield>
  <datafield tag="040" ind1=" " ind2=" ">
    <subfield code="c">RUA</subfield>
  </datafield>
  <datafield tag="082" ind1=" " ind2=" ">
    <subfield code="a">FOR KEN 1996 B122 Or.1</subfield>
  </datafield>
  <datafield tag="100" ind1=" " ind2=" ">
    <subfield code="9">3252</subfield>
    <subfield code="a">KEN, PHAN.</subfield>
  </datafield>
  <datafield tag="245" ind1=" " ind2=" ">
    <subfield code="a">Study on project of technical rules of forest exploitation in timbert -yard2, sub-zonei of colexim forest concession (&#x179F;&#x17B7;&#x1780;&#x17D2;&#x179F;&#x17B6;&#x1782;&#x17C6;&#x179A;&#x17C4;&#x1784;&#x1794;&#x17C2;&#x1794;&#x1794;&#x1791;&#x1794;&#x1785;&#x17D2;&#x1785;&#x17C1;&#x1780;&#x1791;&#x17C1;&#x179F;&#x17A2;&#x17B6;&#x1787;&#x17B8;&#x179C;&#x1780;&#x1798;&#x17D2;&#x1798;&#x1796;&#x17D2;&#x179A;&#x17C3;&#x1782;&#x17BB;&#x1794;&#x1786;&#x17D2;&#x1793;&#x17C6;&#x17B6;&#x1791;&#x17B8;&#x17E2;&#x17A2;&#x1793;&#x17BB;&#x178F;&#x17C6;&#x1794;&#x1793;&#x17CB; I&#x1793;&#x17C3;&#x1796;&#x17D2;&#x179A;&#x17C3;&#x179F;&#x1798;&#x17D2;&#x1794;&#x1791;&#x17B6;&#x1793;&#x179F;&#x17A0;&#x1782;&#x17D2;&#x179A;&#x17B6;&#x179F;&#x1780;&#x17BC;&#x17A1;&#x17B7;&#x1785;&#x179F;&#x17B8;&#x17BB;&#x1798;)&#x200B;</subfield>
  </datafield>
  <datafield tag="260" ind1=" " ind2=" ">
    <subfield code="a">Phnom Penh</subfield>
    <subfield code="b">RUA</subfield>
    <subfield code="c">1996</subfield>
  </datafield>
  <datafield tag="300" ind1=" " ind2=" ">
    <subfield code="a">70p.</subfield>
    <subfield code="b">ill.</subfield>
    <subfield code="c">29cm.</subfield>
  </datafield>
  <datafield tag="942" ind1=" " ind2=" ">
    <subfield code="2">ddc</subfield>
    <subfield code="c">FOR</subfield>
  </datafield>
  <datafield tag="999" ind1=" " ind2=" ">
    <subfield code="c">3036</subfield>
    <subfield code="d">3036</subfield>
  </datafield>
  <datafield tag="952" ind1=" " ind2=" ">
    <subfield code="0">0</subfield>
    <subfield code="1">0</subfield>
    <subfield code="2">ddc</subfield>
    <subfield code="4">0</subfield>
    <subfield code="6">FOR_KEN_1996_000000000000000_B122_OR_1</subfield>
    <subfield code="7">0</subfield>
    <subfield code="9">14415</subfield>
    <subfield code="a">LBB</subfield>
    <subfield code="b">LBB</subfield>
    <subfield code="c">B122</subfield>
    <subfield code="d">2015-11-03</subfield>
    <subfield code="o">FOR KEN 1996 B122 Or.1</subfield>
    <subfield code="p">RUA010707</subfield>
    <subfield code="r">2015-11-03</subfield>
    <subfield code="w">2015-11-03</subfield>
    <subfield code="y">FOR</subfield>
  </datafield>
  <datafield tag="952" ind1=" " ind2=" ">
    <subfield code="0">0</subfield>
    <subfield code="1">0</subfield>
    <subfield code="2">ddc</subfield>
    <subfield code="4">0</subfield>
    <subfield code="6">FOR_KEN_1996_000000000000000_B122_OR_2</subfield>
    <subfield code="7">0</subfield>
    <subfield code="9">14416</subfield>
    <subfield code="a">LBB</subfield>
    <subfield code="b">LBB</subfield>
    <subfield code="c">B122</subfield>
    <subfield code="d">2015-11-03</subfield>
    <subfield code="o">FOR KEN 1996 B122 Or.2</subfield>
    <subfield code="p">RUA010635</subfield>
    <subfield code="r">2015-11-03</subfield>
    <subfield code="w">2015-11-03</subfield>
    <subfield code="y">FOR</subfield>
  </datafield>
  <datafield tag="952" ind1=" " ind2=" ">
    <subfield code="0">0</subfield>
    <subfield code="1">0</subfield>
    <subfield code="2">ddc</subfield>
    <subfield code="4">0</subfield>
    <subfield code="6">FOR_KEN_1996_000000000000000_B122_OR_3</subfield>
    <subfield code="7">0</subfield>
    <subfield code="9">14417</subfield>
    <subfield code="a">LBB</subfield>
    <subfield code="b">LBB</subfield>
    <subfield code="c">B122</subfield>
    <subfield code="d">2015-11-03</subfield>
    <subfield code="o">FOR KEN 1996 B122 Or.3</subfield>
    <subfield code="p">RUA010710</subfield>
    <subfield code="r">2015-11-03</subfield>
    <subfield code="w">2015-11-03</subfield>
    <subfield code="y">FOR</subfield>
  </datafield>
  <datafield tag="952" ind1=" " ind2=" ">
    <subfield code="0">0</subfield>
    <subfield code="1">0</subfield>
    <subfield code="2">ddc</subfield>
    <subfield code="4">0</subfield>
    <subfield code="6">FOR_KEN_1996_000000000000000_B122_OR_4</subfield>
    <subfield code="7">0</subfield>
    <subfield code="9">14418</subfield>
    <subfield code="a">LBB</subfield>
    <subfield code="b">LBB</subfield>
    <subfield code="c">B122</subfield>
    <subfield code="d">2015-11-03</subfield>
    <subfield code="o">FOR KEN 1996 B122 Or.4</subfield>
    <subfield code="p">RUA010636</subfield>
    <subfield code="r">2015-11-03</subfield>
    <subfield code="w">2015-11-03</subfield>
    <subfield code="y">FOR</subfield>
  </datafield>
</record>
